| Tag |
First Indicator |
Second Indicator |
Subfields |
| LEADER |
00000cam a2200000 4500 |
| 001 |
in00000027679 |
| 005 |
20151007062706.0 |
| 008 |
720710s1961 inuh 00001 eng u |
| 010 |
|
|
|a 59010869
|
| 035 |
|
|
|a (OCoLC)00351467
|
| 035 |
|
|
|9 AAD5570AM
|
| 040 |
|
|
|c WSU
|d TXA
|d UtOrBLW
|
| 049 |
|
|
|a TXAM
|c [327204]
|
| 090 |
|
|
|a PR2244.D2
|b A15 1961
|
| 092 |
|
|
|a 823
|b D361n, 1961
|
| 100 |
1 |
|
|a Deloney, Thomas,
|d 1543?-1600.
|
| 245 |
1 |
0 |
|a Novels /
|c Edited by Merritt E. Lawlis.
|
| 264 |
|
1 |
|a Bloomington :
|b Indiana University Press,
|c 1961.
|
| 300 |
|
|
|a xxxii, 462 pages :
|b facsimiles ;
|c 24 cm.
|
| 336 |
|
|
|a text
|b txt
|2 rdacontent
|
| 337 |
|
|
|a unmediated
|b n
|2 rdamedia
|
| 338 |
|
|
|a volume
|b nc
|2 rdacarrier
|
| 500 |
|
|
|a "Editions ... used as copy texts: the Henry E. Huntington Library [copies of] ... Jack of Newbury and Thomas of Reading; the University of Sheffield Library [cpoy of] ... The gentle craft, part I; and the British Museum [copy of] ... The gentle craft, part II."
|
| 700 |
1 |
|
|a Lawlis, Merritt E.,
|d 1918-
|
| 999 |
|
|
|a MARS
|
| 999 |
f |
f |
|s 7834e7a7-a3ec-374c-96ac-140eebcfee39
|i 3cc00f4b-114e-390f-bb4c-390fa9cb3f10
|t 0
|
| 952 |
f |
f |
|p normal
|a Texas A&M University
|b College Station
|c Sterling C. Evans Library
|d Evans: Library Stacks
|t 0
|e PR2244.D2 A15 1961
|h Library of Congress classification
|i unmediated -- volume
|m A14801316281
|
| 998 |
f |
f |
|a PR2244.D2 A15 1961
|t 0
|l Evans: Library Stacks
|